000
00341nam a2200145Ia 4500
005
20251222175930.0
008
251222s9999||||xx |||||||||||||| ||spa||
020
_a
8467205024
082
_a
863.7/S24
100
_a
Sánchez Piñol, Albert
245
0
_a
La Piel Fría
250
_a
1ra.ed.
264
_b
Círculo de Lectores
942
_c
LIB
999
_c
41008
_d
41008